MARC

LEADER 00000nam0a2200000 4500
001 355326
005 20231101041704.0
035 |a (RuTPU)RU\TPU\retro\12585 
035 |a RU\TPU\retro\12584 
090 |a 355326 
100 |a 20200706d1959 k y0rusy50 ca 
101 0 |a rus  |a eng 
102 |a RU 
105 |a a z 001zy 
200 1 |a Типы слюдоносных пегматитовых тел и их промышленная оценка  |f Г. Г. Родионов  |g Всесоюзный научно-исследовательский институт минерального сырья (ВИМС)  |h Вып. 4 
210 |a Москва  |a Ленинград  |c Госгеолтехиздат  |d 1959 
215 |a 84 с.  |c ил., карты 
225 1 |a Труды Всесоюзного научно-исследовательского института минерального сырья  |v Вып. 4 (новая серия) 
320 |9 572  |a Библиогр.: с. 81-83 
610 1 |a пегматитовые тела 
610 1 |a формы 
610 1 |a структуры 
610 1 |a подсчет запасов 
675 |a 548.5  |v 4 
700 1 |a Родионов  |b Г. Г. 
712 0 2 |a Всесоюзный научно-исследовательский институт минерального сырья (ВИМС)  |c (Москва)  |c (1935-1991)  |2 stltpush  |3 (RuTPU)RU\TPU\col\18352 
801 1 |a RU  |b 63413507  |c 20171121 
801 2 |a RU  |b 63413507  |c 20200706  |g RCR 
942 |c BK